| 000 | 00550nam a2200181 i 4500 | ||
|---|---|---|---|
| 001 | 51979 | ||
| 003 | ES-MaACL | ||
| 005 | 20250826083348.0 | ||
| 007 | t| | ||
| 008 | 030822s1923 sz ||||1| spa d | ||
| 245 | 0 | 0 | _aChile y el organismo internacional del trabajo. |
| 260 |
_aGinebra : _b[s.n.], _c1923. |
||
| 300 |
_a32 p. ; _c22 cm. |
||
| 594 | _aPrecede al tít.: Oficina Internacional del Trabajo, Sociedad de las Naciones. | ||
| 710 | 1 |
_aOficina Internacional del Trabajo _96023 |
|
| 852 |
_aES-MaACL _j1674-F-11 |
||
| 999 |
_c51979 _d51979 |
||